00321cam a22001097a 4500008004000000082001700040100001800057245007200075260002800147300001000175650002600185180718b1961 xxu||||| |||| 00| 0 eng d aA72x485 N848 aNott,Kathleen aClean well-lighted place:a private view of swedencby Kathleen Nott aLondonbHeinemannc1961 a207p. aSweden -Civilization.